| 000 | 00322 a2200097 4500 | ||
|---|---|---|---|
| 082 | _a625.1 RAN | ||
| 100 | _aRangwala, S. C. | ||
| 245 |
_aPrinciples of Railway Engineering : A Basic Textbook for Engineering Students _cS. C. Rangwala |
||
| 260 |
_aAhmedabad : _bcollege of engineering, |
||
| 300 |
_a406p. : _bill. ; _c20 cm |
||
| 650 | _aRailway engineering | ||
| 999 |
_c1449 _d1449 |
||